| 000 | 00517nam a22001817a 4500 | ||
|---|---|---|---|
| 003 | 0 | ||
| 005 | 20231128065011.0 | ||
| 008 | 231104b xxu||||| |||| 00| 0 eng d | ||
| 020 | _a978-1-78244-241-7 | ||
| 050 |
_aTR _bSc433 2013 |
||
| 100 | _aKings, Gary | ||
| 245 |
_aScrapeheap art : recycle junk into art! _cGary Kings |
||
| 260 |
_aUnited Kingdom _bTop That! Publishing _cc2013. |
||
| 300 |
_a 32 pages : _bcolored illustrations ; _c28 cm. |
||
| 650 | _aRecycling (Art). | ||
| 650 | _aArt. | ||
| 942 |
_2lcc _cBK |
||
| 999 |
_c365554 _d365554 |
||